Marriage in the early church / (Record no. 20536)
[ view plain ]
| 000 -LEADER | |
|---|---|
| fixed length control field | 00846nam a2200193 4500 |
| 008 - FIXED-LENGTH DATA ELEMENTS--GENERAL INFORMATION | |
| fixed length control field | 040709s1992 mnu b 000 0 eng |
| 020 ## - INTERNATIONAL STANDARD BOOK NUMBER | |
| International Standard Book Number | 0800626524 :USD9.95 |
| 082 00 - DEWEY DECIMAL CLASSIFICATION NUMBER | |
| Classification number | 234/.165/09015 |
| Edition number | 20 |
| 090 ## - LOCALLY ASSIGNED LC-TYPE CALL NUMBER (OCLC); LOCAL CALL NUMBER (OCLC) | |
| Classification number (OCLC) (R) ; Classification number, CALL (RLIN) (NR) | BR195.M37 |
| Local cutter number (OCLC) ; Book number/undivided call number, CALL (RLIN) | M34h |
| 245 00 - TITLE STATEMENT | |
| Title | Marriage in the early church / |
| Statement of responsibility, etc | translated and edited by David G. Hunter. |
| 260 ## - PUBLICATION, DISTRIBUTION, ETC. (IMPRINT) | |
| Place of publication, distribution, etc | Minneapolis : |
| Name of publisher, distributor, etc | Fortress Press, |
| Date of publication, distribution, etc | c1992. |
| 300 ## - PHYSICAL DESCRIPTION | |
| Extent | viii, 157 p. ; |
| Dimensions | 22 cm. |
| 490 1# - SERIES STATEMENT | |
| Series statement | Sources of early Christian thought |
| 504 ## - BIBLIOGRAPHY, ETC. NOTE | |
| Bibliography, etc | Includes bibliographical references (154-157). |
| 650 #4 - SUBJECT ADDED ENTRY--TOPICAL TERM | |
| Topical term or geographic name as entry element | Marriage |
| General subdivision | Religious aspects |
| -- | Christianity |
| -- | History of doctrines |
| Chronological subdivision | Early church, ca. 30-600 |
| General subdivision | Sources. |
| 650 #4 - SUBJECT ADDED ENTRY--TOPICAL TERM | |
| Topical term or geographic name as entry element | Marriage |
| General subdivision | Religious aspects |
| -- | Christianity |
| -- | History of doctrines |
| Chronological subdivision | Early church, ca. 30-600. |
| 951 ## - EQUIVALENCE OR CROSS-REFERENCE-GEOGRAPHIC NAME/AREA NAME [OBSOLETE] [CAN/MARC only] | |
| General subdivision | 00006784 |
| 700 1# - ADDED ENTRY--PERSONAL NAME | |
| Personal name | Hunter, David G. |
| 951 ## - EQUIVALENCE OR CROSS-REFERENCE-GEOGRAPHIC NAME/AREA NAME [OBSOLETE] [CAN/MARC only] | |
| -- | 16733 |
| -- | BR195.M37/M34h |
| -- | 070613111404328 |
| -- | 2000-12-21 |
| -- | GC |
| Withdrawn status | Lost status | Damaged status | Not for loan | Home library | Current library | Shelving location | Date acquired | Accession number | Shelving control number | Total Checkouts | Full call number | Barcode | Date last seen | Price effective from | Koha item type |
|---|---|---|---|---|---|---|---|---|---|---|---|---|---|---|---|
| BSOP Library | BSOP Library | GC | 12/21/2000 | 16733 | 127 | BR195.M37/M34h | 00006784 | 02/23/2013 | 02/23/2013 | Books |
